000 00259nam a2200121Ia 4500
008 190216s9999||||xx |||||||||||||| ||und||
100 _aNull
245 0 _aHindi-Mulkathom
260 _bPragathi Prakashan
300 _a223
650 _aHindi
942 _cBK
999 _c15671
_d15671